[Event "POL-chT3"]
[Site "Jastrzebia Gora POL"]
[Date "2015.??.??"]
[Round "8.45"]
[White "Chylewski, Patryk"]
[Black "Zgadzaj, Rafal"]
[Result "1-0"]
[WhiteElo "2027"]
[BlackElo "2115"]
[EventDate "2015.??.??"]
[WhiteTitle "k"]
[BlackTitle "k"]

1.e4 d6 2.d4 g6 3.Nc3 Bg7 4.f4 Nf6 5.Nf3 c5 6.Bb5+ Bd7 7.e5 Ng4 8.Bxd7+ 
Qxd7 9.d5 dxe5 10.h3 e4 11.Nxe4 Nf6 12.Nxf6+ Bxf6 13.O-O O-O 14.Be3 Qc7 
15.Rb1 Nd7 16.c4 Qa5 17.a3 Rab8 18.Qc2 Rfc8 19.Nd2 b5 20.Rfc1 bxc4 21.Nxc4
Qb5 22.Qd2 Nb6 23.Ne5 Bxe5 24.fxe5 Nc4 25.Qc3 Nxe3 26.Qxe3 c4 27.Qxa7 Qxd5
28.Qxe7 Re8 29.Qd6 Qxe5 30.Qxe5 Rxe5 31.Rxc4 Re2 32.b4 Rd8 33.Rg4 f5 34.
Rg3 Kf7 35.b5 Rdd2 36.Rb4 Rb2 37.Rxb2 Rxb2 38.a4 Ra2 39.Rc3 h5 40.Rc7+ Ke6
41.Ra7 Rb2 42.Ra6+ Kf7 43.b6 Ke7 44.a5 Kd7 45.Ra8 Kc6 46.Rg8 Kb7 47.Rg7+ 
Kb8 48.Rxg6 Kb7 49.Rg7+ Kb8 50.Rg5 Rb5 51.Rxh5 Rxa5 52.Rh7 Rb5 53.b7 Rb2 
54.Rf7 f4 55.h4 Rc2 56.Rxf4 Kxb7 57.Kh2 Kc7 58.Rd4 1-0

[Event "POL-chT3"]
[Site "Jastrzebia Gora POL"]
[Date "2015.??.??"]
[Round "8.46"]
[White "Malecki, Rafal"]
[Black "Praczukowski, Stanislaw"]
[Result "1/2-1/2"]
[WhiteElo "2090"]
[BlackElo "2028"]
[EventDate "2015.??.??"]
[WhiteTitle "k+"]
[BlackTitle "I++"]

1.e4 c5 2.Nf3 d6 3.d4 cxd4 4.Nxd4 Nf6 5.Nc3 a6 6.Bg5 Nbd7 7.f4 Qc7 8.Qf3 
h6 9.Bxf6 Nxf6 10.f5 Qc5 11.O-O-O g5 12.Nb3 Qe5 13.Nd5 Nxd5 14.Rxd5 Qf6 
15.Bd3 Bg7 16.c3 O-O 17.Rf1 b5 18.e5 dxe5 19.Nc5 Qb6 20.Qe4 Bf6 21.Rxe5 
Ra7 22.Rd5 Bb7 23.Nxb7 Rxb7 24.g3 Rc8 25.Kb1 Rbc7 26.h4 Qa5 27.hxg5 hxg5 
28.Rc1 Qb6 29.Qf3 Rc5 30.Rxc5 Qxc5 31.Rc2 Qg1+ 32.Rc1 Qc5 33.Rc2 Qg1+ 34.
Rc1 Qc5 35.Rc2 Qg1+ 36.Rc1 Qc5 37.Rc2 Qg1+ 38.Rc1 Qc5 39.Rc2 Qg1+ 40.Rc1 
Qc5 1/2-1/2

[Event "POL-chT3"]
[Site "Jastrzebia Gora POL"]
[Date "2015.??.??"]
[Round "8.47"]
[White "Kokoszczynski, Jan"]
[Black "Szajda, Marcin"]
[Result "0-1"]
[WhiteElo "1873"]
[BlackElo "2061"]
[EventDate "2015.??.??"]
[WhiteTitle "I++"]
[BlackTitle "I++"]

1.e4 e5 2.Nf3 Nc6 3.Bb5 a6 4.Ba4 Nf6 5.d3 d6 6.h3 Be7 7.O-O O-O 8.c3 h6 9.
Re1 Nh7 10.Nbd2 Ng5 11.Nf1 f5 12.Nxg5 Bxg5 13.exf5 Rxf5 14.Ng3 Rf8 15.Bxg5
Qxg5 16.Ne4 Qg6 17.Re3 Be6 18.Bc2 Rf4 19.Qe2 Raf8 20.Rf1 Qf7 21.g3 Rf5 22.
b3 d5 23.Nc5 Bc8 24.d4 e4 25.Kg2 Rf3 26.Bd1 Qh5 27.h4 Qf5 28.Qd2 b6 29.Na4
g5 30.hxg5 hxg5 31.Rxf3 exf3+ 32.Kg1 Rf7 33.Re1 Bd7 34.Bc2 Qh3 35.Qxg5+ 
Kf8 36.Qd8+ Nxd8 0-1

[Event "POL-chT3"]
[Site "Jastrzebia Gora POL"]
[Date "2015.??.??"]
[Round "8.48"]
[White "Chmiel, Dominika"]
[Black "Olechnicka, Karolina"]
[Result "1-0"]
[WhiteElo "2146"]
[BlackElo "1747"]
[EventDate "2015.??.??"]
[WhiteTitle "m"]
[BlackTitle "k++"]

1.e4 c5 2.Nf3 d6 3.d4 cxd4 4.Nxd4 Nf6 5.Nc3 a6 6.Bc4 e6 7.Bb3 b5 8.O-O Be7
9.f4 b4 10.e5 bxc3 11.exf6 Bxf6 12.bxc3 O-O 13.Qf3 Ra7 14.f5 e5 15.Ne2 Nd7
16.Ng3 Nc5 17.Nh5 Rc7 18.Qg3 Ne4 19.Qg4 Bb7 20.Bh6 Bg5 21.Bxg7 Be3+ 22.Kh1
Qg5 23.Qxg5 Nxg5 24.Bxf8 Kxf8 25.c4 Nh3 26.Rad1 Bc5 27.Rd2 Ke7 28.f6+ Kd8 
29.c3 Kc8 30.Bd1 1-0

[Event "POL-chT3"]
[Site "Jastrzebia Gora POL"]
[Date "2015.??.??"]
[Round "8.49"]
[White "Luksik, Mateusz"]
[Black "Krogulski, Grzegorz"]
[Result "1/2-1/2"]
[WhiteElo "2056"]
[BlackElo "2304"]
[EventDate "2015.??.??"]
[WhiteTitle "k+"]
[BlackTitle "m"]

1.f4 d5 2.e3 g6 3.Nf3 Bg7 4.Be2 Nf6 5.O-O O-O 6.d3 c5 7.Nc3 Nc6 8.e4 d4 9.
Nb1 e5 10.Nxe5 Nxe5 11.fxe5 Nd7 12.e6 fxe6 13.Rxf8+ Qxf8 14.Nd2 Ne5 15.h3 
Bd7 16.Nf3 Qf6 17.Qd2 Nf7 18.Qf4 Rc8 19.Qxf6 Bxf6 20.a4 Kg7 21.b3 h5 22.
Bd2 b6 23.g3 a5 24.Kg2 g5 25.Rh1 Kg6 26.Rf1 Ra8 27.Ra1 Rc8 28.Rf1 Ra8 29.
Ra1 Rc8 30.Rf1 1/2-1/2

[Event "POL-chT3"]
[Site "Jastrzebia Gora POL"]
[Date "2015.??.??"]
[Round "8.50"]
[White "Sygulski, Boguslaw"]
[Black "Pulik, Krzysztof"]
[Result "1/2-1/2"]
[WhiteElo "2242"]
[BlackElo "2137"]
[EventDate "2015.??.??"]
[WhiteTitle "IM"]
[BlackTitle "k"]

1.d4 d5 2.c4 e6 3.Nf3 c5 4.cxd5 exd5 5.Nc3 Nc6 6.g3 Nf6 7.Bg2 Be7 8.O-O 
O-O 9.b3 Re8 10.Bb2 Bg4 11.dxc5 Bxc5 12.Rc1 Bf8 13.h3 Bf5 14.Nd4 Bg6 15.
Nxc6 bxc6 16.e3 Qd7 17.Ne2 Ne4 18.Nf4 Bf5 19.g4 Bg6 20.Qd4 f5 21.Rfd1 Rac8
22.Rc2 Bf7 23.f3 Ng5 24.Qd3 fxg4 25.hxg4 Qe7 26.Rc3 Ne6 27.Ne2 Qh4 28.Nd4 
Nxd4 29.Qxd4 c5 30.Qd2 Rcd8 31.Qf2 Qg5 32.Bc1 Qf6 33.Rcd3 c4 34.bxc4 dxc4 
35.Rxd8 Rxd8 36.Rxd8 Qxd8 37.Qd2 Qxd2 38.Bxd2 c3 39.Bxc3 Bxa2 40.Kf2 Kf7 
41.Bf1 Bc5 42.Ba6 Bd5 43.Ke2 h6 44.e4 Be6 45.Be5 1/2-1/2

[Event "POL-chT3"]
[Site "Jastrzebia Gora POL"]
[Date "2015.??.??"]
[Round "8.51"]
[White "Skomial, Mateusz"]
[Black "Markiewicz, Jerzy"]
[Result "1/2-1/2"]
[WhiteElo "2025"]
[BlackElo "2251"]
[EventDate "2015.??.??"]
[WhiteTitle "I++"]
[BlackTitle "FM"]

1.e4 c5 2.c4 Nc6 3.Ne2 g6 4.d4 cxd4 5.Nxd4 Bg7 6.Nxc6 bxc6 7.Bd3 Nf6 8.O-O
d6 9.Nc3 O-O 10.Qc2 Qa5 11.Ne2 Ng4 12.h3 Ne5 13.Bd2 Qb6 14.Bc3 Ba6 15.b3 
d5 16.exd5 cxd5 17.Bd4 dxc4 18.Bxc4 Qb7 19.Qc3 Bxc4 20.bxc4 f6 21.c5 Nc6 
22.Qc4+ Kh8 23.Bc3 e5 24.Rab1 Qf7 25.Qa6 Rac8 26.Rfd1 Rc7 27.Nc1 Rfc8 28.
Nb3 Bf8 29.Qa3 Kg8 30.Rbc1 Rd7 31.Qa4 Rd5 32.Rxd5 Qxd5 33.Bd2 f5 34.g3 h5 
35.Bg5 Rc7 36.Qa6 Kh7 37.Qe2 Rd7 38.g4 hxg4 39.hxg4 Qd3 40.Qxd3 Rxd3 41.
Kf1 Kg8 42.Rc4 Kf7 43.Ra4 Ke6 44.Na5 Rd4 45.Rxd4 Nxd4 46.gxf5+ gxf5 47.c6 
Bc5 48.c7 Kd7 49.Bf6 e4 50.Nb7 Ne6 51.Nxc5+ Nxc5 52.Bd4 Nd3 53.Bxa7 Kxc7 
54.Bd4 Kc6 55.a3 Kd5 56.Bg7 Kc4 57.Ke2 Nf4+ 58.Ke3 Nd5+ 59.Ke2 f4 60.Bh6 
f3+ 61.Kd2 Kb3 62.Bf8 Kc4 63.Bh6 Nf6 64.Be3 Nd5 65.Bh6 Nc3 66.Ke1 Kd3 67.
Be3 Na4 68.Bh6 Kc2 69.Bg7 Nc5 70.Bf6 Nd3+ 71.Kf1 Kd1 72.a4 Nc5 73.a5 Kd2 
74.Bd4 Na6 75.Bb6 Kd3 1/2-1/2

[Event "POL-chT3"]
[Site "Jastrzebia Gora POL"]
[Date "2015.??.??"]
[Round "8.52"]
[White "Zaskalski, Arkadiusz"]
[Black "Kopczyk, Daniel"]
[Result "0-1"]
[WhiteElo "2184"]
[BlackElo "2133"]
[EventDate "2015.??.??"]
[WhiteTitle "k"]
[BlackTitle "k"]

1.Nf3 Nf6 2.c4 g6 3.g3 Bg7 4.Nc3 O-O 5.Bg2 d6 6.O-O e5 7.d4 Nbd7 8.e4 a5 
9.h3 Re8 10.Be3 exd4 11.Nxd4 Nc5 12.Qc2 c6 13.Rfe1 Qc7 14.Rad1 Bd7 15.f4 
Rad8 16.Bf2 Bc8 17.Rd2 Re7 18.a3 Rde8 19.Rde2 Nh5 20.Kh2 h6 21.b4 axb4 22.
axb4 Ne6 23.Qd2 Kh7 24.Nf3 Nhxf4 25.gxf4 Nxf4 26.Qxf4 Bxc3 27.Rc1 Bxb4 28.
Bd4 Bc5 29.Bc3 f5 30.e5 g5 31.Qg3 f4 32.Qe1 Be3 33.exd6 Qxd6 34.Qd1 Qc7 
35.Qd3+ Re4 36.Rce1 0-1

[Event "POL-chT3"]
[Site "Jastrzebia Gora POL"]
[Date "2015.??.??"]
[Round "8.53"]
[White "Wozniak, Maciej"]
[Black "Markiewicz, Mateusz"]
[Result "1-0"]
[WhiteElo "2087"]
[BlackElo "2040"]
[EventDate "2015.??.??"]
[WhiteTitle "k"]
[BlackTitle "I++"]

1.e4 e5 2.d4 d6 3.Nf3 Bg4 4.dxe5 Bxf3 5.Qxf3 dxe5 6.Bc4 Qf6 7.Qb3 Nc6 8.
Qxb7 Rb8 9.Qxc7 Bc5 10.Bxf7+ Kf8 11.Bd5 Nge7 12.O-O Rd8 13.Be3 Bd6 14.Qb7 
Nxd5 15.Qxc6 Nb4 16.Qa4 1-0

[Event "POL-chT3"]
[Site "Jastrzebia Gora POL"]
[Date "2015.??.??"]
[Round "8.54"]
[White "Jalowiec, Halina"]
[Black "Jurkiewicz, Zuzanna"]
[Result "0-1"]
[WhiteElo "1985"]
[BlackElo "1507"]
[EventDate "2015.??.??"]
[WhiteTitle "WFM"]
[BlackTitle "I"]

1.e4 e5 2.Nf3 Nf6 3.Nxe5 d6 4.Nf3 Nxe4 5.d4 d5 6.Bd3 Be7 7.O-O O-O 8.c4 c6
9.Nc3 Nxc3 10.bxc3 dxc4 11.Bxc4 Bg4 12.h3 Bh5 13.g4 Bg6 14.Ne5 Nd7 15.Nxg6
hxg6 16.Qd3 Nb6 17.Bb3 Nd5 18.c4 Nf6 19.Be3 Qd7 20.f3 Rfd8 21.Rad1 Qc7 22.
Kg2 a5 23.a4 Nd7 24.g5 Nc5 25.Qc2 Nxb3 26.Qxb3 Bd6 27.d5 Bb4 28.Rd3 cxd5 
29.cxd5 Qe5 30.h4 Rac8 31.Rf2 Be1 32.f4 Qf5 33.Re2 Qg4+ 34.Kf1 Bxh4 35.Bd2
Re8 36.Qd1 Re4 37.d6 Rd8 38.d7 Rxd7 39.Rxd7 Qf3+ 40.Kg1 Rxe2 0-1

[Event "POL-chT3"]
[Site "Jastrzebia Gora POL"]
[Date "2015.??.??"]
[Round "8.55"]
[White "Myc, Marcin"]
[Black "Walter, Szymon"]
[Result "1/2-1/2"]
[WhiteElo "2315"]
[BlackElo "2214"]
[EventDate "2015.??.??"]
[WhiteTitle "m"]
[BlackTitle "k"]

1.Nf3 Nf6 2.c4 e6 3.g3 d5 4.Bg2 dxc4 5.Qc2 c6 6.Qxc4 b5 7.Qc2 Bb7 8.a4 a6 
9.d4 Nbd7 10.O-O c5 11.axb5 axb5 12.Rxa8 Qxa8 13.dxc5 Bxc5 14.Nc3 Bc6 15.
Ne1 Bxg2 16.Nxg2 Qb7 17.Qd3 b4 18.Ne4 Be7 19.Be3 O-O 20.Nf4 Rc8 21.Rd1 g6 
22.b3 Ne5 23.Qd4 Neg4 24.Qa7 Qxa7 25.Bxa7 Rc2 26.f3 Ne5 27.Kf2 g5 28.Nd3 
Nxd3+ 29.Rxd3 Nd5 30.Bd4 f6 31.Ke1 Rc1+ 32.Rd1 Rc2 33.Rd2 Rc1+ 34.Rd1 Rc2 
35.Rd2 Rc1+ 36.Rd1 1/2-1/2

[Event "POL-chT3"]
[Site "Jastrzebia Gora POL"]
[Date "2015.??.??"]
[Round "8.56"]
[White "Zylka, Stanislaw"]
[Black "Lukasik, Adam"]
[Result "1-0"]
[WhiteElo "2213"]
[BlackElo "2003"]
[EventDate "2015.??.??"]
[WhiteTitle "k"]
[BlackTitle "I"]

1.d4 d5 2.c4 e6 3.Nf3 Nf6 4.g3 Be7 5.Bg2 O-O 6.O-O c6 7.Nc3 Nbd7 8.Qc2 b6 
9.cxd5 cxd5 10.Nb5 Bb7 11.Bf4 Ne8 12.Rac1 a6 13.Na3 g5 14.Be3 h6 15.Ne5 
Nxe5 16.dxe5 f5 17.exf6 Rxf6 18.Bd4 Rf5 19.Bh3 Bf6 20.Bxf5 exf5 21.Qd3 Nd6
22.Nc2 Bxd4 23.Nxd4 Qf6 24.Rc7 Rf8 25.Rfc1 Bc8 26.R1c6 Qe5 27.Nf3 Qe6 28.
Rxb6 Bd7 29.Qxa6 Rf6 30.Rb8+ Kg7 31.Rd8 Rf7 32.Nd4 Qe4 33.Rdxd7 Qb1+ 34.
Kg2 Qe4+ 35.Nf3 Rxd7 36.Rxd7+ Nf7 37.Rxf7+ Kxf7 38.Qd3 Qe6 39.Nd4 1-0

[Event "POL-chT3"]
[Site "Jastrzebia Gora POL"]
[Date "2015.??.??"]
[Round "8.57"]
[White "Kurpiewski, Slawomir"]
[Black "Kastelik, Adrian"]
[Result "0-1"]
[WhiteElo "2020"]
[BlackElo "2135"]
[EventDate "2015.??.??"]
[WhiteTitle "k"]
[BlackTitle "I++"]

1.Nf3 d5 2.c4 c6 3.g3 Nf6 4.Bg2 Bf5 5.cxd5 cxd5 6.O-O Nc6 7.d3 h6 8.a3 e6 
9.b4 Bd6 10.Bb2 O-O 11.Nbd2 Bh7 12.Re1 Re8 13.Rc1 Rc8 14.Qb3 Nd7 15.e4 
dxe4 16.dxe4 Nce5 17.Rxc8 Qxc8 18.Rc1 Qd8 19.Nc4 Nxc4 20.Qxc4 Nb6 21.Qe2 
e5 22.Nd2 f6 23.Nc4 Nxc4 24.Qxc4+ Kf8 25.Bh3 Bg8 26.Qb5 Qe7 27.Bc8 Be6 28.
Bxe6 Qxe6 29.Qd3 Rd8 30.Kg2 Bc7 31.Qc2 Bb6 32.a4 Kf7 33.a5 Bd4 34.b5 Qd7 
35.Qc4+ Kg6 36.Ba3 Qg4 37.f3 Qg5 38.Qe2 Bb2 39.Bxb2 Rd2 40.Rc2 Rxe2+ 41.
Rxe2 Kh7 42.h4 Qg6 43.b6 axb6 44.axb6 Qf7 45.f4 Qc4 46.Kf2 Qc5+ 47.Kg2 Qb5
48.Kf1 g5 49.hxg5 hxg5 50.fxg5 fxg5 51.g4 Kg6 52.Bc3 Kf6 53.Bd2 Qxb6 54.
Rf2+ Ke6 55.Bxg5 Qb1+ 56.Kg2 Qxe4+ 57.Kg3 b5 58.Bc1 Qd3+ 59.Kh4 e4 60.g5 
e3 61.Rf3 Qc4+ 62.Kh5 Qxc1 63.g6 e2 64.g7 Qh1+ 65.Kg4 Qg2+ 66.Rg3 Qxg3+ 
0-1

[Event "POL-chT3"]
[Site "Jastrzebia Gora POL"]
[Date "2015.??.??"]
[Round "8.58"]
[White "Dzierzak, Radoslaw"]
[Black "Czapla, Andrzej"]
[Result "1/2-1/2"]
[WhiteElo "2168"]
[BlackElo "1930"]
[EventDate "2015.??.??"]
[WhiteTitle "I++"]
[BlackTitle "I"]

1.e4 c6 2.d4 d5 3.Nd2 dxe4 4.Nxe4 Bf5 5.Ng3 Bg6 6.h4 h6 7.Nf3 Nd7 8.h5 Bh7
9.Bd3 Bxd3 10.Qxd3 e6 11.Bf4 Qa5+ 12.Bd2 Bb4 13.Ne4 Bxd2+ 14.Nfxd2 b5 15.
Qg3 Ngf6 16.Qxg7 Ke7 17.Nxf6 Nxf6 18.Qg3 Qxd2+ 19.Kxd2 Ne4+ 20.Ke3 Nxg3 
21.fxg3 Rhg8 22.Kf4 Rad8 23.c3 Rg5 24.b4 Rdg8 25.Rh3 a5 26.bxa5 Ra8 27.g4 
Rxa5 28.a3 Kd6 29.Re3 Ra4 30.Kf3 Kd5 31.Rb1 Kd6 32.Ra1 Kd5 33.Rae1 Kd6 
1/2-1/2

[Event "POL-chT3"]
[Site "Jastrzebia Gora POL"]
[Date "2015.??.??"]
[Round "8.59"]
[White "Szczygiel, Konrad"]
[Black "Faron, Rafal"]
[Result "0-1"]
[WhiteElo "1815"]
[BlackElo "2033"]
[EventDate "2015.??.??"]
[WhiteTitle "I"]
[BlackTitle "I++"]

1.d4 Nf6 2.c4 g6 3.Nc3 d5 4.Nf3 Bg7 5.Qb3 dxc4 6.Qxc4 O-O 7.e4 Nc6 8.Be2 
Bg4 9.Be3 Bxf3 10.gxf3 e5 11.d5 Nd4 12.O-O-O Ne8 13.f4 Nd6 14.Qd3 Nxe2+ 
15.Qxe2 exf4 16.Bxf4 Re8 17.f3 f5 18.Qd3 fxe4 19.fxe4 Bxc3 20.bxc3 Nxe4 
21.Rhf1 Qe7 22.Qc4 Qa3+ 23.Kc2 Nd6 24.Bxd6 Qxd6 25.Qf4 Re2+ 26.Rd2 Qxf4 
27.Rxf4 Rxd2+ 28.Kxd2 Rf8 29.Re4 Rd8 30.c4 c6 31.Re5 cxd5 32.cxd5 Kf7 33.
Kd3 Re8 34.Rg5 Re1 35.Rg2 Ke7 36.Rd2 Kd6 37.Kc4 Re4+ 38.Kc3 a6 39.Kd3 Re5 
40.Kc4 b5+ 41.Kb4 Rxd5 42.Rf2 Rd4+ 43.Kc3 Rh4 44.Re2 Kd5 45.Kb3 a5 46.Kc3 
Rh3+ 47.Kc2 g5 48.Rg2 h6 49.Rf2 Kd4 50.Rg2 Rh4 51.Rd2+ Kc4 52.Rg2 g4 53.
Kd2 Kd4 54.Ke2 h5 55.Kf1 Rh3 56.Rb2 b4 57.Kg2 Rc3 58.Re2 0-1

[Event "POL-chT3"]
[Site "Jastrzebia Gora POL"]
[Date "2015.??.??"]
[Round "8.60"]
[White "Binkowska, Agata"]
[Black "Waszczuk, Patrycja"]
[Result "1-0"]
[WhiteElo "1553"]
[BlackElo "1926"]
[EventDate "2015.??.??"]
[WhiteTitle "I++"]
[BlackTitle "I++"]

1.e4 e5 2.d4 exd4 3.Nf3 Nc6 4.Bc4 Nf6 5.O-O Nxe4 6.Re1 d5 7.Bxd5 Qxd5 8.
Nc3 Qh5 9.Nxe4 Be6 10.Bg5 Bb4 11.c3 dxc3 12.bxc3 Ba5 13.Ng3 Qg6 14.h4 h5 
15.Ne5 Nxe5 16.Rxe5 Bxc3 17.Qa4+ c6 18.Qa3 Qxg5 19.Rxg5 Bxa1 20.Nxh5 g6 
21.Nf4 O-O-O 22.Qc1 Bf6 23.Nxe6 Bxg5 24.Nxg5 Rd7 25.g3 Re8 26.Kg2 Re2 27.
a4 f6 28.Nh3 Red2 29.Qc5 R7d6 30.Qxa7 Ra2 31.Qc5 Kc7 32.a5 Rb2 33.Nf4 Rb5 
34.Qe3 Re5 35.Qb6+ Kc8 36.Nxg6 Rb5 37.Qa7 Rd7 38.Nf4 Re7 39.Qd4 Ree5 40.h5
Rxa5 41.h6 Kc7 42.h7 Ra8 43.Ng6 Rh5 44.h8=Q Rhxh8 45.Nxh8 Rxh8 46.Qxf6 Rd8
47.g4 1-0

[Event "POL-chT3"]
[Site "Jastrzebia Gora POL"]
[Date "2015.??.??"]
[Round "8.61"]
[White "Snihur, Piotr"]
[Black "Hnydiuk, Aleksander"]
[Result "0-1"]
[WhiteElo "2246"]
[BlackElo "2354"]
[EventDate "2015.??.??"]
[WhiteTitle "k"]
[BlackTitle "IM"]

1.e4 c5 2.Nf3 d6 3.d4 Nf6 4.Nc3 cxd4 5.Nxd4 a6 6.Be2 e6 7.O-O Be7 8.f4 Qc7
9.Qe1 O-O 10.Qg3 Nbd7 11.f5 Qc5 12.Be3 Qe5 13.Qh3 Nb8 14.Rad1 Nc6 15.fxe6 
Bxe6 16.Nxe6 Qxe6 17.Qxe6 fxe6 18.Bc4 Kf7 19.a3 Rac8 20.Ne2 Na5 21.Bd3 Nc4
22.Bc1 Ne5 23.Nd4 Bd8 24.Be3 Ng4 25.Bg5 Bb6 26.Be2 Kg6 27.Bxf6 Nxf6 28.Kh1
Nxe4 29.Bd3 Rxf1+ 30.Rxf1 Bxd4 31.Bxe4+ Kh6 32.c3 Bf6 33.g3 d5 34.Bd3 Rc6 
35.Kg2 Rb6 36.Rf2 d4 37.c4 Rb3 38.Be4 b6 39.Kf1 Bg5 40.Rc2 d3 41.Rc3 d2 
42.Ke2 Rxb2 43.Rd3 Ra2 44.Rd6 Ra1 45.Bc2 Re1+ 46.Kf2 g6 47.h4 Be3+ 48.Kg2 
e5 49.Rd3 e4 50.Rd5 Kg7 51.Rd6 Rc1 52.Bb3 Rc3 53.Bd1 Rc1 54.Bb3 Rg1+ 55.
Kh2 Rb1 56.Ba4 Ra1 57.Bc2 Ra2 58.Bd1 Rxa3 59.Bc2 Ra2 0-1

[Event "POL-chT3"]
[Site "Jastrzebia Gora POL"]
[Date "2015.??.??"]
[Round "8.62"]
[White "Helis, Tadeusz"]
[Black "Szadkowski, Kamil"]
[Result "1/2-1/2"]
[WhiteElo "2228"]
[BlackElo "2216"]
[EventDate "2015.??.??"]
[WhiteTitle "FM"]
[BlackTitle "k+"]

1.Nf3 Nf6 2.c4 g6 3.g3 Bg7 4.Bg2 O-O 5.Nc3 d6 6.d4 Nbd7 7.O-O e5 8.e3 a6 
9.b3 Rb8 10.a4 Re8 11.Bb2 exd4 12.exd4 Nf8 13.Qd2 d5 14.Rad1 Ne4 15.Qc1 
Nxc3 16.Bxc3 Be6 17.c5 Nd7 18.Ng5 Nf6 19.Nxe6 Rxe6 20.Rfe1 Qd7 21.Rxe6 
Qxe6 22.Re1 Qd7 23.Qf4 Re8 24.Rxe8+ Nxe8 25.Ba5 h6 26.h4 Qe6 27.Bf3 h5 28.
Kg2 b6 29.cxb6 cxb6 30.Bb4 Nf6 31.Qb8+ Kh7 32.Bd2 a5 33.Qc7 Ne8 34.Qf4 Nf6
35.Be3 Qc6 36.Qg5 Qe6 37.Qe5 Qd7 38.Qb8 Qe6 39.Qf4 Qc6 40.Qb8 Qe6 1/2-1/2

[Event "POL-chT3"]
[Site "Jastrzebia Gora POL"]
[Date "2015.??.??"]
[Round "8.63"]
[White "Szadkowski, Krzysztof"]
[Black "Osipow, Nikolaj"]
[Result "0-1"]
[WhiteElo "2107"]
[BlackElo "2117"]
[EventDate "2015.??.??"]
[WhiteTitle "k"]
[BlackTitle "k"]

1.e4 Nf6 2.e5 Nd5 3.d4 d6 4.c4 Nb6 5.f4 dxe5 6.fxe5 Nc6 7.Be3 Bf5 8.Nf3 e6
9.Nc3 Be7 10.d5 exd5 11.cxd5 Nb4 12.Nd4 Bg6 13.Bb5+ Kf8 14.Ne6+ fxe6 15.
O-O+ Kg8 16.Qg4 Bf5 17.Rxf5 exf5 18.Qxf5 Qf8 19.Qg4 h5 20.Qe4 Bc5 21.Rf1 
Bxe3+ 22.Qxe3 Qe7 23.Qe4 Qc5+ 24.Kh1 N4xd5 25.Bd7 Nxd7 26.Nxd5 Rh6 27.b4 
Rf8 28.Rd1 Qf2 29.h3 Re6 30.Qc4 Qf7 31.Nxc7 Rxe5 32.Qd4 Rf5 0-1

[Event "POL-chT3"]
[Site "Jastrzebia Gora POL"]
[Date "2015.??.??"]
[Round "8.64"]
[White "Szmyd, Arkadiusz"]
[Black "Kwiatkowski, Wiktor"]
[Result "1/2-1/2"]
[WhiteElo "2137"]
[BlackElo "1941"]
[EventDate "2015.??.??"]
[WhiteTitle "k"]
[BlackTitle "I"]

1.e4 c5 2.Nf3 Nc6 3.d4 cxd4 4.Nxd4 Qb6 5.Nb3 Nf6 6.Nc3 e6 7.Bd3 a6 8.O-O 
Be7 9.Be3 Qc7 10.f4 d6 11.a4 b6 12.Kh1 O-O 13.g4 Bb7 14.g5 Nd7 15.Rf3 Nb4 
16.Rh3 Rfd8 17.Kg1 Nxd3 18.cxd3 d5 19.exd5 exd5 20.Rc1 Qd6 21.Nd4 g6 22.
Qd2 Nc5 23.f5 Qe5 24.Re1 Bxg5 25.Bxg5 Qxd4+ 26.Kf1 Qg4 27.Rg3 Qxf5+ 28.Kg1
Re8 29.Rf1 Qe6 30.Bf6 Nd7 31.Bd4 f6 32.Qh6 Qf7 33.h4 Qg7 34.Qf4 Re6 35.h5 
Rae8 36.Kf2 Ne5 37.hxg6 hxg6 38.Rh1 Nf7 39.Rgh3 g5 40.Qh2 Bc8 41.Rh7 Qg6 
42.Rh3 g4 43.Rh8+ Kg7 44.Qh7+ Qxh7 45.R8xh7+ Kg6 46.Nxd5 Rd6 47.Nf4+ Kf5 
48.Ne2 Kg6 49.Nf4+ Kf5 50.Ne2 Kg6 51.Nf4+ 1/2-1/2

[Event "POL-chT3"]
[Site "Jastrzebia Gora POL"]
[Date "2015.??.??"]
[Round "8.65"]
[White "Matlewski, Adam"]
[Black "Knopik, Krzysztof"]
[Result "0-1"]
[WhiteElo "1802"]
[BlackElo "2150"]
[EventDate "2015.??.??"]
[WhiteTitle "I"]
[BlackTitle "k"]

1.d4 Nf6 2.c4 c5 3.d5 b5 4.cxb5 a6 5.bxa6 Bxa6 6.Nc3 d6 7.e4 Bxf1 8.Kxf1 
g6 9.g3 Bg7 10.Kg2 O-O 11.Nf3 Qb6 12.Qe2 Nfd7 13.a4 Na6 14.Nb5 Rfb8 15.Bg5
Kf8 16.Nd2 Nc7 17.Nc4 Qb7 18.Bxe7+ Kxe7 19.Nbxd6 Qa6 20.Qf3 Rf8 21.Qf4 Ne5
22.Nxe5 Qxd6 23.Nc6+ Kd7 24.Qg4+ f5 25.Qh3 h5 26.f4 Nxd5 27.Ne5+ Bxe5 28.
fxe5 Ne3+ 29.Kf3 Qd3 30.Rhe1 Kc7 31.Kf2 Qd2+ 32.Kg1 Rxa4 33.e6 Rxa1 34.
Rxa1 Qxb2 35.Re1 Qd2 0-1

[Event "POL-chT3"]
[Site "Jastrzebia Gora POL"]
[Date "2015.??.??"]
[Round "8.66"]
[White "Gonsior, Monika"]
[Black "Miturova, Magdalena"]
[Result "0-1"]
[WhiteElo "1952"]
[BlackElo "2173"]
[EventDate "2015.??.??"]
[WhiteTitle "m"]
[BlackTitle "WFM"]

1.e4 e5 2.Nc3 Nf6 3.g3 d5 4.Bg2 dxe4 5.Nxe4 Nxe4 6.Bxe4 Bc5 7.c3 f5 8.Bg2 
Nc6 9.Qe2 Qe7 10.b4 Bd6 11.Qc4 e4 12.Nh3 Ne5 13.Qe2 Nd3+ 14.Kf1 Be6 15.Qd1
O-O 16.Kg1 Rae8 17.Qh5 Rf6 18.Qg5 f4 19.Qh4 Bxh3 20.Qxh3 Bc5 21.Qh5 Bxf2+ 
22.Kf1 fxg3 23.Qd5+ Kh8 24.Qc4 Bb6+ 25.Ke2 Rf2+ 26.Kd1 Rxg2 27.Kc2 Rxh2 
28.Ba3 Rxh1 29.Rxh1 g2 0-1

[Event "POL-chT3"]
[Site "Jastrzebia Gora POL"]
[Date "2015.??.??"]
[Round "8.67"]
[White "Janik, Igor"]
[Black "Brzezinski, Mateusz"]
[Result "1-0"]
[WhiteElo "2387"]
[BlackElo "2125"]
[EventDate "2015.??.??"]
[WhiteTitle "I++"]
[BlackTitle "I++"]

1.e4 d5 2.exd5 Qxd5 3.Nf3 Bg4 4.Be2 Nc6 5.O-O O-O-O 6.h3 Bh5 7.Nc3 Qd7 8.
d3 e6 9.a3 Nf6 10.b4 Bxf3 11.Bxf3 Nd4 12.Be3 h6 13.Bxd4 Qxd4 14.Ne2 Qd6 
15.a4 g5 16.a5 h5 17.a6 b6 18.c3 Nd5 19.g3 Bg7 20.Rc1 g4 21.hxg4 h4 22.d4 
hxg3 23.Nxg3 Ne3 24.Qe2 Nxf1 25.Kxf1 Qf4 26.Re1 Rh3 27.Kg2 Rh4 28.Nh5 Qg5 
29.Nxg7 Qxg7 30.Qe4 Rd6 31.Kg3 Rh8 32.Qb7+ Kd7 33.b5 Ke7 34.Qxa7 Rd7 35.
Qb7 c5 36.Qxb6 Qf6 37.Qxc5+ Kd8 1-0

[Event "POL-chT3"]
[Site "Jastrzebia Gora POL"]
[Date "2015.??.??"]
[Round "8.68"]
[White "Kulczyk, Pawel"]
[Black "Lisowski, Krzysztof"]
[Result "1-0"]
[WhiteElo "2095"]
[BlackElo "2137"]
[EventDate "2015.??.??"]
[WhiteTitle "k"]
[BlackTitle "k"]

1.d4 d5 2.c4 c6 3.Nf3 Nf6 4.Qc2 g6 5.Bf4 Bg7 6.e3 c5 7.dxc5 Nc6 8.Nc3 Qa5 
9.Qa4 Qxa4 10.Nxa4 Bd7 11.Nc3 dxc4 12.Bxc4 Rc8 13.O-O Nh5 14.Rfd1 Nxf4 15.
exf4 Bg4 16.Bd5 O-O 17.h3 Bxf3 18.Bxf3 Nd4 19.Bxb7 Rxc5 20.Rd2 Rb8 21.Be4 
Nb5 22.Nd5 Kf8 23.Rad1 Nd6 24.b4 Nxe4 25.bxc5 Nxd2 26.Rxd2 Rd8 27.Rd3 e6 
28.Nb4 Rxd3 29.Nxd3 Ke7 30.Kf1 Kd7 31.Ke2 Bd4 32.Kf3 Kc6 33.Ke4 Bxc5 34.
Nxc5 Kxc5 35.Ke5 Kb4 36.Kf6 Ka3 1-0

[Event "POL-chT3"]
[Site "Jastrzebia Gora POL"]
[Date "2015.??.??"]
[Round "8.69"]
[White "Jedra, Waldemar"]
[Black "Mazalon, Mariusz"]
[Result "1-0"]
[WhiteElo "1986"]
[BlackElo "2040"]
[EventDate "2015.??.??"]
[WhiteTitle "I"]
[BlackTitle "k"]

1.c4 g6 2.Nc3 Bg7 3.g3 d6 4.Bg2 e5 5.d3 Nc6 6.e4 Nge7 7.Nge2 O-O 8.O-O Be6
9.Be3 Qd7 10.Nd5 f5 11.Qd2 Rf7 12.Rae1 Raf8 13.f4 Nc8 14.b3 Nd8 15.exf5 
Bxf5 16.d4 e4 17.Ndc3 Re8 18.d5 Rfe7 19.Nd4 Nf7 20.Nxf5 gxf5 21.Nd1 c5 22.
dxc6 bxc6 23.Bd4 Nh6 24.Ne3 Rf8 25.Re2 Qe6 26.Rd1 Bf6 27.Bh3 Rg7 28.Qc3 
Ne7 29.Bxf6 Rxf6 30.Qa5 Nc8 31.Red2 Rf8 32.Qa6 Qe8 33.b4 Qh5 34.Bg2 Ng4 
35.Nxg4 Qxg4 36.Qxc6 h5 37.Qd5+ Kh7 38.Qd4 h4 39.Qe3 hxg3 40.h3 Qh4 41.c5 
dxc5 42.bxc5 Qf6 43.Rd5 Rff7 44.Rxf5 Qh4 45.Qxe4 Rxf5 46.Qxf5+ Kh6 47.Qxc8
Qxf4 48.Qc6+ Rg6 49.Qf3 Qh4 50.Qe3+ Kg7 51.Rd7+ Kh8 52.Qe8+ Rg8 53.Qe5+ 
1-0

[Event "POL-chT3"]
[Site "Jastrzebia Gora POL"]
[Date "2015.??.??"]
[Round "8.70"]
[White "Stoppel, Mariusz"]
[Black "Migala, Andrzej"]
[Result "1-0"]
[WhiteElo "2034"]
[BlackElo "1984"]
[EventDate "2015.??.??"]
[WhiteTitle "I+"]
[BlackTitle "I++"]

1.e4 c5 2.b4 cxb4 3.Bb2 d5 4.exd5 Qxd5 5.d4 Nc6 6.c4 bxc3 7.Nxc3 Qa5 8.d5 
Nb8 9.Nf3 Nf6 10.Bc4 g6 11.O-O Bg7 12.Re1 O-O 13.Rxe7 Qb4 14.Qe2 Bg4 15.a3
Qb6 16.Nb5 Nbd7 17.Bd4 Qd8 18.d6 a6 19.Nc7 Rc8 20.Rd1 Bxf3 21.gxf3 h6 22.
Bxf7+ 1-0

[Event "POL-chT3"]
[Site "Jastrzebia Gora POL"]
[Date "2015.??.??"]
[Round "8.72"]
[White "Mackiewicz, Anna"]
[Black "Gorecka, Joanna"]
[Result "1/2-1/2"]
[WhiteElo "1955"]
[BlackElo "2069"]
[EventDate "2015.??.??"]
[WhiteTitle "k+"]
[BlackTitle "WFM"]

1.d4 d5 2.c4 e6 3.Nc3 c5 4.cxd5 exd5 5.Nf3 Nc6 6.Bg5 Be7 7.Bxe7 Ngxe7 8.
dxc5 d4 9.Ne4 O-O 10.a3 Qd5 11.Nd6 Qxc5 12.Nxc8 Raxc8 13.g3 Rcd8 14.Bh3 
Qb5 15.Qc2 d3 16.exd3 Nf5 17.O-O Nfd4 18.Nxd4 Nxd4 19.Qc4 Qxb2 20.Rfb1 Qe2
21.Rxb7 Nf3+ 22.Kg2 Nd2 23.Qc7 Rxd3 24.Rb8 Qe4+ 25.Kg1 Nf3+ 26.Kh1 Ne1+ 
27.Kg1 Nf3+ 28.Kh1 Ne1+ 29.Kg1 Nf3+ 30.Kh1 Ne1+ 1/2-1/2